|
|
|
|
| LEADER |
00000nab a2200000 a 4500 |
| 001 |
vtls008632813 |
| 003 |
SK-MaSNL |
| 005 |
20260304201414.0 |
| 008 |
060320c20060320xo drz 0 0slo |
| 038 |
|
|
|a KEVKJB
|
| 040 |
|
|
|a KEVKJB
|b slo
|c KEVKJB
|e AACR2
|
| 041 |
0 |
|
|a slo
|
| 044 |
|
|
|a xo
|c SK
|
| 080 |
|
|
|a 78.076:785.16
|2 2001
|
| 080 |
|
|
|a 785.16
|2 2001
|
| 080 |
|
|
|a 7.097
|2 2001
|
| 100 |
1 |
|
|a Novotná, Anna
|4 aut
|9 450182
|
| 245 |
1 |
0 |
|a Martin Krausz skončil svoje pôsobenie v SuperStar
|b na záchranu mu chýbalo vyše šesťtisíc hlasov
|c Anna Novotná
|
| 300 |
|
|
|b Fotogr.
|
| 600 |
1 |
7 |
|a Krausz, Martin,
|d 1986-
|2 kevkjb
|9 30385
|
| 610 |
2 |
7 |
|a Slovenská televízia
|2 kevkjb
|9 115516
|
| 611 |
2 |
7 |
|a Slovensko hľadá SuperStar
|n (2. :
|d 2006)
|2 kevkjb
|9 97409
|
| 650 |
0 |
7 |
|a spevácke súťaže
|2 kevkjb
|9 72693
|
| 650 |
0 |
7 |
|a populárna hudba
|2 kevkjb
|9 3428
|
| 651 |
|
7 |
|a Čaňa (Slovensko)
|2 kevkjb
|9 28954
|
| 651 |
|
7 |
|a Košice-okolie (Slovensko : okres)
|2 kevkjb
|9 146743
|
| 773 |
0 |
|
|t Košický denník Korzár
|g Roč. IX, č. 66 (20.3.2006), s. 7
|x 1335-4566
|
| 852 |
|
|
|a KEVKJB
|b KIS3GCP
|
| 999 |
|
|
|c 3094836
|d 3096766
|